Modelovanie dát v Rational rose XDE pre Visual Studio "Net 2003"

Riešenie problematiky tvorby dátového modelu v populárnom prostredí automatizácie programovania Visual Studio Net, do ktorého je integrovaný nástroj automatizácie projektovania Rational XDE (eXtended Development Environment)

Gespeichert in:
Bibliographische Detailangaben
1. Verfasser: Blahušiak, Martin
Format: Buchkapitel
Sprache:Slowakisch
Schlagworte:
Tags: Tag hinzufügen
Keine Tags, Fügen Sie das erste Tag hinzu!

MARC

LEADER 00000naa$a2200000$$$4500
001 0065888
005 20240502071800.3
041 0 |a slo 
044 |a SK 
245 1 0 |a Modelovanie dát v Rational rose XDE pre Visual Studio "Net 2003"  |c Martin Blahušiak 
520 |a Riešenie problematiky tvorby dátového modelu v populárnom prostredí automatizácie programovania Visual Studio Net, do ktorého je integrovaný nástroj automatizácie projektovania Rational XDE (eXtended Development Environment) 
610 2 0 |a modelovanie ekonometrické 
610 2 0 |a dáta 
610 2 0 |a systémy informačné 
610 2 0 |a systémy informačné integrované 
100 1 |a Blahušiak, Martin